| 000 | 02619nam a22002537a 4500 | ||
|---|---|---|---|
| 003 | GR-AtMCL | ||
| 005 | 20260113121147.0 | ||
| 006 | a|||||r||||||||||| | ||
| 008 | s2006||||gr |||g ||| 000 1dgre d | ||
| 020 | _a9789600341416 | ||
| 040 |
_aGR-AtMCL _bgre _dGR-AtMCL _eAACR2 |
||
| 041 | 1 | _heng | |
| 100 |
_aHemingway, Ernest _d1899-1961 _910253 |
||
| 245 | 1 | 0 |
_aΓια ποιον χτυπά η καμπάνα / _cΈρνεστ Χέμινγουει ; μετάφραση από τα αγγλικά Άννα Παπασταύρου |
| 260 |
_aΑθήνα : _bΚαστανιώτης, _c2006 |
||
| 300 |
_a573 σ.; _c21εκ. |
||
| 500 | _aΤίτλος πρωτοτύπου: For whom the bell tolls | ||
| 520 | _aΒασισμένο στις εμπειρίες του από τον Ισπανικό Εμφύλιο, το «Για ποιον χτυπά η καμπάνα» θεωρήθηκε από τους βιβλιοκριτικούς ως το κορυφαίο έργο του συγγραφέα και ένα από τα καλύτερα πολεμικά μυθιστορήματα όλων των εποχών. Περιγράφει τέσσερις μέρες από τη ζωή του ήρωα και πρωταγωνιστή Ρόμπερτ Τζόρνταν, ενός Αμερικανού που έχει σταλεί με την ιδιότητα του δυναμιτιστή, για να ανατινάξει μια στρατηγικής σημασίας γέφυρα. Τέσσερις μονάχα μέρες, στα τέλη της άνοιξης του 1937 στην Ισπανία, και συγκεκριμένα στα δάση γύρω από τη Σεγκόβια. Στη διάρκεια αυτών των κρίσιμων ημερών, ο Τζόρνταν βιώνει συγκλονιστικά τον έρωτα στο πρόσωπο της πανέμορφης και βασανισμένης Μαρίας, το φόβο και την αγωνία σε μια σπαρασσόμενη από τον Εμφύλιο χώρα, την αφοσίωση και τη φιλία, αλλά και τη δεισιδαιμονία στα πρόσωπα των Ισπανών ανταρτών. Παντού γύρω του ελλοχεύει ο θάνατος, που δίνει σε όλα τα συναισθήματα μια ολότελα διαφορετική διάσταση και ένταση. | ||
| 650 | 0 |
_aΑμερικανική λογοτεχνία _910235 |
|
| 653 | _aΛογοτεχνία | ||
| 700 |
_aΠαπασταύρου, Άννα _4730 _910254 |
||
| 942 | _cBK | ||
| 999 |
_c10039 _d10039 |
||